Statistiques concernant 50 personnages de séries TV

Cliquez ici pour prendre le quiz!

Statistiques générales

  • Ce quiz a été pris 237 fois
  • Le résultat moyen est 16 sur 50

Statistiques - réponses

HintRéponse% Correct
TokyoLa Casa de Papel
80%
Meredith GreyGrey's Anatomy
78%
Bree Van de KampDesperate Housewives
70%
Walter WhiteBreaking Bad
66%
Laura IngallsLa Petite Maison dans la prairie
63%
Tyrion LannisterGame of Thrones
62%
Thomas ShelbyPeaky Blinders
61%
Rachel GreenFriends
58%
BarracudaL'Agence tous risques
56%
DeweyMalcolm
55%
Theodore « T-Bag » BagwellPrison Break
52%
Octavia BlakeThe 100
48%
Horatio CaineLes Experts : Miami
46%
Daryl DixonThe Walking dead
45%
Fox MulderX-Files : Aux frontières du réel
45%
Jack Bauer24 Heures chrono
41%
JR EwingDallas
38%
Michael KyleMa famille d'abord
37%
Piper ChapmanOrange is the New Black
34%
Dustin HendersonStranger Things
34%
Brenda WalshBeverly Hills 90210
33%
FonzieHappy days
31%
Aaron HotchnerEsprits Criminels
29%
Huggy « les bons tuyaux » JacksonStarsky et Hutch
29%
Mitch BuchannonAlerte à Malibu
28%
Jessica FletcherArabesque
26%
Lilly RushCold Case
24%
David VincentLes Envahisseurs
24%
Jonathan HartPour l'Amour du Risque
24%
Emma PeelChapeau melon et bottes de cuir
23%
Doug RossUrgences
22%
Lord Brett SinclairAmicalement vôtre
20%
Jonathan HigginsMagnum
20%
Frank UnderwoodHouse of Cards
18%
Michael KnightK2000
18%
Capitaine Merrill StubingLa croisière s'amuse
18%
Jack O'NeillStargate SG-1
17%
Sonny CrockettDeux Flics à Miami
16%
"Pappy" BoyingtonLes Têtes brûlées
16%
Sean McNamaraNip/Tuck
16%
Sydney BristowAlias
15%
Dee Dee McCallRick Hunter
15%
Din DjarinThe Mandalorian
15%
Artemus GordonLes Mystères de l'Ouest
14%
Colt SeaversL'Homme qui tombe à pic
14%
Luke DukeShérif, fais-moi peur
12%
Madison ClarkFear the Walking dead
10%
Lucas HoodBanshee
9%
Mr. RoarkeL'Île Fantastique
8%
Gaal DornickFoundation
3%

Distribution des résultats

Percentile par nombre de réponses

% des personnes avec chaque résultat

Votre développement - résultats

Vous n’avez pas pris ce quiz